000 00433nam a2200157 4500
001 120249
003 ES-MaACL
005 20230906191511.0
007 t|
008 070214s1910 fr r ||||1| fre d
100 1 _aPirenne, Henri.
_992343
245 1 4 _aLes anciennes démocraties des Pays Bas /
_cHenri Pirenne.
260 _aParis :
_bErnest Flammarion,
_c1910.
300 _a304 p. ;
_c18 x 11 cm.
852 _aES-MaACL
_jF-6355
999 _c120249
_d120249